مكتبة جامعة عجلون الوطنية

فهرس بحث المكتبة

Normal view MARC view
  • التنشئة الاجتماعية - تنشئة اسرية - الاطفال - تربية - الاباء والابناء

Entry Topical Term

Number of records used in: 1

001 - CONTROL NUMBER

  • control field: 29891

003 - CONTROL NUMBER IDENTIFIER

  • control field: JO-AjAnu

005 - DATE AND TIME OF LATEST TRANSACTION

  • control field: 20230606075041.0

008 - FIXED-LENGTH DATA ELEMENTS

  • fixed length control field: 230606|| aca||aabn | a|a d

040 ## - CATALOGING SOURCE

  • Original cataloging agency: JO-AjAnu
  • Transcribing agency: JO-AjAnu

150 ## - HEADING--TOPICAL TERM

  • Topical term or geographic name entry element: التنشئة الاجتماعية - تنشئة اسرية - الاطفال - تربية - الاباء والابناء

670 ## - SOURCE DATA FOUND

  • Source citation: Work cat.: (JO-AjAnu)15349: علي، محمد النوبي محمد, author 29890, التنشئة الأسرية وطموح الأبناء العاديين وذوي الأحتياجات الخاصة : دليل الوالدين وذوي الأحتياجات الخاصة